Statistics for HIMYM quiz

Click here to take the quiz!

General Stats

  • This quiz has been taken 2,047 times
  • The average score is 11 of 15

Answer Stats

HintAnswer% Correct
The womanizer of the group, is obsessed with suitsBarney
100%
An environmental lawyer, grew up in Saint Cloud, MinnesotaMarshall
99%
Scotch drinking, gun loving, journalistRobin
99%
Narrator of the story, is a head in the clouds romanticTed
99%
Hair changing painter that cooks gourmet foodLily
98%
Country Robin grew up inCanada
97%
Ted's jobArchitect
93%
Number of dogs owned by RobinFive
87%
Movie series all men in the group loveStar Wars
81%
Pet name for Lily given by MarshallLily-pad
73%
State that all except Marshall hatedNew Jersey
55%
Name of turkey Ted made with another turkey inside itTurturkeykey
49%
Channel Robin worked onMetro News One
28%
Lily's habitShopping
22%
Name of bar the group go to all the timeMacLaren's Pub
18%

Score Distribution

Percentile by Number Answered

Percent of People with Each Score

Your Score History

You have not taken this quiz